Fundamentos y técnicas de investigación comercial / (Record no. 195502)

MARC details
000 -LEADER
campo de control de longitud fija 01916nam a2200409 i 4500
001 - NÚMERO DE CONTROL
campo de control 195502
003 - IDENTIFICADOR DE NÚMERO DE CONTROL
campo de control SpMaBN
005 - FECHA Y HORA DE LA ÚLTIMA TRANSACCIÓN
campo de control 20250710063357.0
008 - DATOS DE LONGITUD FIJA--INFORMACIÓN GENERAL
campo de control de longitud fija 240619s2001 sp | ||| ||spa
016 7# - NÚMERO DE CONTROL DE UNA AGENCIA BIBLIOGRÁFICA NACIONAL
Número de control del registro bimoBNE20020187309
Fuente SpMaBN
017 ## - NÚMERO DE COPYRIGHT O DE DEPÓSITO LEGAL
Número de copyright o de depósito legal M 41603-2001
Agencia que asigna Oficina Depósito Legal Madrid
020 ## - NÚMERO INTERNACIONAL ESTÁNDAR DEL LIBRO
Número Internacional Estándar del Libro 8473562887
035 ## - NÚMERO DE CONTROL DEL SISTEMA
Número de control de sistema (OCoLC)49901314
040 ## - FUENTE DE CATALOGACIÓN
Centro catalogador/agencia de origen SpMaBN
Lengua de catalogación spa
Centro/agencia transcriptor SpMaBN
Normas de descripción rdc
Centro/agencia modificador ES-MaACL
080 ## - NÚMERO DE LA CLASIFICACIÓN DECIMAL UNIVERSAL
Número de la Clasificación Decimal Universal 658.8.012.12
100 ## - ENTRADA PRINCIPAL--NOMBRE DE PERSONA
Nombre de persona Grande Esteban, Ildefonso,
Fechas asociadas al nombre 1954-
Número de control del registro de autoridad o número normalizado XX952925
9 (RLIN) 237100
Término indicativo de función/relación Autor
240 10 - TÍTULO UNIFORME
Título uniforme Fundamentos y técnicas de investigación comercial
245 10 - MENCIÓN DEL TÍTULO
Título Fundamentos y técnicas de investigación comercial /
Mención de responsabilidad, etc. Ildefonso Grande Esteban, Elena Abascal Fernández
250 ## - MENCION DE EDICION
Mención de edición 6ª ed. rev. y act.
260 ## - PUBLICACIÓN, DISTRIBUCIÓN, ETC.
Lugar de publicación, distribución, etc. Madrid :
Nombre del editor, distribuidor, etc. ESIC,
Fecha de publicación, distribución, etc. 2001.
300 ## - DESCRIPCIÓN FÍSICA
Extensión 454 páginas :
Otras características físicas ilustrado ;
Dimensiones 24 cm
336 ## - TIPO DE CONTENIDO
Fuente rdacontent
Término de tipo de contenido texto
337 ## - TIPO DE MEDIO
Fuente rdamedia
Nombre/término del tipo de medio sin mediación
338 ## - TIPO DE SOPORTE
Fuente rdacarrier
Nombre/término del tipo de soporte volumen
504 ## - NOTA DE BIBLIOGRAFÍA, ETC.
Nota de bibliografía, etc. Bibliografía: páginas [451]-454. Índice
520 ## - RESUMEN, ETC.
Sumario, etc. Fundamentos y técnicas de investigación comercial 13 ª edición es un manual dirigido a todas aquellas personas, estudiantes, profesionales de la docencia o de la gestión de la empresa, deseosas de iniciarse o profundizar en el área de la investigación comercial desde la perspectiva de una ciencia auxiliar del marketing estratégico.
650 #4 - PUNTO DE ACCESO ADICIONAL DE MATERIA--TÉRMINO DE MATERIA
Término de materia o nombre geográfico como elemento de entrada Análisis de mercado
Fuente del encabezamiento o término embne
9 (RLIN) 9762
700 1# - ENTRADA AGREGADA--NOMBRE PERSONAL
Nombre de persona Abascal Fernández, Elena
Término indicativo de función/relación Autor
9 (RLIN) 238811
852 ## - LOCALIZACIÓN
Ubicación ES-MaACL
Ubicación en estantería Depósito J
Número de control de estantería N-10026
Donativo/Legado Donación: Helena de la Joya
Encuadernación Encuadernación rústica
itemnumber 206173
903 ## - NOMBRE PERSONAL DE DONANTE
a Joya, Helena de la
e Donante
942 ## - ELEMENTOS DE ENTRADA SECUNDARIOS (KOHA)
Tipo de ítem Koha Libro impreso
Suprimir en OPAC No
Holdings
Estatus retirado Estado de pérdida Fuente del sistema de clasificación o colocación Estado de daño No para préstamo Biblioteca de origen Biblioteca actual Ubicación en estantería Fecha de adquisición Fuente de adquisición Total de préstamos Signatura topográfica completa Código de barras Visto por última vez Precio de reemplazo Tipo de ítem Koha
    Clasificación decimal universal     Biblioteca del Ateneo de Madrid Biblioteca del Ateneo de Madrid Depósito J 08/07/2025 Donación   N-10026 2025-0564 08/07/2025 08/07/2025 Libro impreso